The Law of Vested Property in Bangladesh/ (Record no. 1974)
[ view plain ]
| 000 -LEADER | |
|---|---|
| fixed length control field | 00663nam a2200229Ia 4500 |
| 003 - CONTROL NUMBER IDENTIFIER | |
| control field | BUBTL |
| 008 - FIXED-LENGTH DATA ELEMENTS--GENERAL INFORMATION | |
| fixed length control field | 151213s9999 xx 000 0 und d |
| 041 ## - LANGUAGE CODE | |
| Language code of text/sound track or separate title | English |
| 082 ## - DEWEY DECIMAL CLASSIFICATION NUMBER | |
| Edition number | 2nd |
| Classification number | 341.4845492/ R1379l/ 1983 |
| 100 ## - MAIN ENTRY--PERSONAL NAME | |
| Personal name | Rakshit, Sree Mridulkanti |
| 9 (RLIN) | 4520 |
| 245 ## - TITLE STATEMENT | |
| Title | The Law of Vested Property in Bangladesh/ |
| Statement of responsibility, etc. | Sree Mridulkanti Rakshit |
| 250 ## - EDITION STATEMENT | |
| Edition statement | 2nd |
| 260 ## - PUBLICATION, DISTRIBUTION, ETC. (IMPRINT) | |
| Place of publication, distribution, etc. | Chittagong |
| Name of publisher, distributor, etc. | Signet Press Ltd. |
| Date of publication, distribution, etc. | c1983 |
| 300 ## - PHYSICAL DESCRIPTION | |
| Extent | [xxii], 265p. : |
| Other physical details | ill. ; 22 cm. |
| 526 ## - STUDY PROGRAM INFORMATION NOTE | |
| Program name | Law |
| 650 ## - SUBJECT ADDED ENTRY--TOPICAL TERM | |
| Topical term or geographic name as entry element | Law |
| 650 ## - SUBJECT ADDED ENTRY--TOPICAL TERM | |
| Topical term or geographic name as entry element | |
| 700 ## - ADDED ENTRY--PERSONAL NAME | |
| Personal name | Sree Mridulkanti Rakshit |
| 9 (RLIN) | 5359 |
| 856 ## - ELECTRONIC LOCATION AND ACCESS | |
| Password | 0 |
| Logon | 0 |
| Link text | Download |
| 942 ## - ADDED ENTRY ELEMENTS (KOHA) | |
| Source of classification or shelving scheme | |
| Koha item type | Books |
| Withdrawn status | Lost status | Source of classification or shelving scheme | Damaged status | Not for loan | Collection code | Permanent location | Current location | Shelving location | Date acquired | Source of acquisition | Inventory number | Total Checkouts | Full call number | Barcode | Date last seen | Copy number | Price effective from | Koha item type |
|---|---|---|---|---|---|---|---|---|---|---|---|---|---|---|---|---|---|---|
| Not For Loan | Non-fiction | Bangladesh University of Business and Technology Library | Bangladesh University of Business and Technology Library | Law Stacks | 04/05/2006 | Purchase | 2778 | 341.4845492/ R1379l/ 1983 | BUBTL-20032778 | 07/14/2023 | C-1 | 07/14/2023 | Books | |||||
| Non-fiction | Bangladesh University of Business and Technology Library | Bangladesh University of Business and Technology Library | Law Stacks | 03/05/2006 | Purchase | 2779 | 341.4845492/ R1379l/ 1983 | BUBTL-20032779 | 07/14/2023 | C-2 | 07/14/2023 | Books |
